|
|
|
|
| LEADER |
01054nam a2200289 i 4500 |
| 001 |
38851 |
| 003 |
BD-DhAAL |
| 005 |
20220607151335.0 |
| 008 |
220607t1976 ilu b 001 0 eng d |
| 999 |
|
|
|c 44345
|d 44345
|
| 010 |
|
|
|a 76000435
|
| 020 |
|
|
|a 0226816222.
|
| 020 |
|
|
|a 0226816230
|
| 040 |
|
|
|a DLC
|c DLC
|d DLC
|d BD-DhAAL
|
| 050 |
0 |
0 |
|a LB2369
|b .T82 1976
|
| 082 |
0 |
0 |
|a 808.042
|
| 100 |
1 |
|
|a Turabian, Kate L.
|9 49069
|
| 245 |
1 |
0 |
|a Student's guide for writing college papers /
|c Kate L. Turabian.
|
| 250 |
|
|
|a Third edition
|
| 260 |
|
|
|a Chicago :
|b University of Chicago Press,
|c 1976.
|
| 300 |
|
|
|a viii, 256 pages ;
|c 21 cm.
|
| 504 |
|
|
|a Includes bibliographical references (pages 183-244) and index
.
|
| 541 |
|
|
|a Donated By Akbar Ali Khan
|e 38851
|
| 650 |
|
0 |
|a Academic writing.
|9 49070
|
| 852 |
|
|
|a Ayesha Abed Library
|c Akbar Ali Khan Collection
|
| 942 |
|
|
|2 ddc
|c BK
|
| 952 |
|
|
|0 0
|1 0
|2 ddc
|4 0
|6 808_042000000000000_TUR
|7 1
|9 70840
|a BRACUL
|b BRACUL
|c CS1
|d 2022-06-07
|e Donated by Akbar Ali Khan
|l 0
|o 808.042 TUR
|p 3010038851
|r 2022-06-07
|t 1
|w 2022-06-07
|y BK
|